<?xml version="1.0" encoding="UTF-8"?>
<collection xmlns="http://www.loc.gov/MARC21/slim">
 <record>
  <leader>02668nam a2200193Ia 4500</leader>
  <controlfield tag="001">CTU_141736</controlfield>
  <controlfield tag="008">210402s9999    xx            000 0 und d</controlfield>
  <datafield tag="082" ind1=" " ind2=" ">
   <subfield code="a">581.24</subfield>
  </datafield>
  <datafield tag="082" ind1=" " ind2=" ">
   <subfield code="b">T627</subfield>
  </datafield>
  <datafield tag="245" ind1=" " ind2="0">
   <subfield code="a">Toxic metals in soil-plant systems</subfield>
  </datafield>
  <datafield tag="245" ind1=" " ind2="0">
   <subfield code="c">Edited by Sheila M. Ross</subfield>
  </datafield>
  <datafield tag="260" ind1=" " ind2=" ">
   <subfield code="a">New York</subfield>
  </datafield>
  <datafield tag="260" ind1=" " ind2=" ">
   <subfield code="b">Wiley</subfield>
  </datafield>
  <datafield tag="260" ind1=" " ind2=" ">
   <subfield code="c">1994</subfield>
  </datafield>
  <datafield tag="520" ind1=" " ind2=" ">
   <subfield code="a">While not all metals in Soil—plant systems are inherently toxic, particularly in low concentrations, there is an increasing incidence of metal pollution from aerial fallout, spoils, wastes and agricultural amendments including sewage sludge. Toxic Metals in Soil—Plant Systems discusses the processes of trace-metal cycling in contaminated ecosystems under conditions where their concentrations become toxic through high loading rates, long-term exposure or altered environmental conditions. Other environmental and pedological concentration mechanisms are discussed, including cation exchange and anion adsorption onto different soil materials. The book is divided into two sections; the first part discusses the sources and fates of metals in ecosystems, with an up-to-date review of the processes which control metal speciation in soils, metal uptake mechanisms, and plant responses to toxic metal concentrations in soils. A clear understanding of these processes and their interactions in soil is necessary before it is possible to instigate amelioration and restoration programmes for metal-contaminated land. In the second part of the book, a selection of case studies are presented which discuss metal toxicities and metal cycling in a range of different ecosystems, including managed agricultural systems, deciduous woodland, upland heather moorland, and tropical wetlands. In these studies a number of current issues are addressed, including the setting of toxicity thresholds for safe sewage sludge application to agricultural land, the accumulation of soil metals over time in aerially impacted systems, and metal transfers between ecosystem compartments, which are of particular concern in food crops. Providing an integrated view of toxic metals both in the soil and associated growing plants, this book covers a wide range of topics including agriculture, soil science, ecology and forestry and will be of use to researchers and environmental consultants working in these fields.</subfield>
  </datafield>
  <datafield tag="650" ind1=" " ind2=" ">
   <subfield code="a">Plants,Soils,Thực vật,Đất trồng</subfield>
  </datafield>
  <datafield tag="650" ind1=" " ind2=" ">
   <subfield code="x">Effect of trace elements on.,Trace element content,Tác dụng của yếu tố vi lượng,Nội dung cơ bản yếu tố vi lượng</subfield>
  </datafield>
  <datafield tag="904" ind1=" " ind2=" ">
   <subfield code="i">Trọng Hải</subfield>
  </datafield>
  <datafield tag="980" ind1=" " ind2=" ">
   <subfield code="a">Trung tâm Học liệu Trường Đại học Cần Thơ</subfield>
  </datafield>
 </record>
</collection>
